[Event "Titled Tuesday intern op 16th Apr Early"]
[Site "Chess.com INT"]
[Date "2024.04.16"]
[Round "1"]
[White "Kiseleva, Arina"]
[Black "Al Tarbosh, Ward"]
[Result "0-1"]
[WhiteElo "1941"]
[BlackElo "2262"]
[PlyCount "74"]
[EventDate "2024.04.16"]
[EventType "swiss (blitz)"]
[EventRounds "11"]
[EventCountry "USA"]
[SourceTitle "CB17_2024"]
[SourceDate "2024.04.24"]
[SourceVersion "1"]
[SourceVersionDate "2024.04.24"]
[SourceQuality "1"]

1. d4 Nf6 2. Nf3 b6 3. e3 Bb7 4. Nbd2 c5 5. Bd3 e6 6. 0-0 Nc6 7. b3 Be7 8. Bb2 0-0 9. c4 d5 10. cxd5 Nxd5 11. Rc1 Ndb4 12. Bb1 Ba6 13. Nc4 Bf6 14. a3 Nd5 15. Qc2 g6 16. dxc5 bxc5 17. Rfd1 Qe7 18. e4 Bxb2 19. Qxb2 Nb6 20. Nce5 Nxe5 21. Nxe5 Qg5 22. Rxc5 Rad8 23. Rdc1 Rd2 24. Qc3 Rfd8 25. Qf3 f6 26. Nd7 R8xd7 27. Rxg5 Be2 28. Qxe2 Rxe2 29. Rg3 Red2 30. Rf1 Rd1 31. Bc2 R1d2 32. Rc3 Kg7 33. h4 h5 34. g3 Re2 35. Rc1 Rdd2 36. Rc7+ Kh6 37. e5 fxe5 0-1

[Event "Titled Tuesday intern op 16th Apr Early"]
[Site "Chess.com INT"]
[Date "2024.04.16"]
[Round "8"]
[White "Kiseleva, Arina"]
[Black "Rosenberg, Evan"]
[Result "1-0"]
[WhiteElo "1941"]
[BlackElo "1989"]
[PlyCount "63"]
[EventDate "2024.04.16"]
[EventType "swiss (blitz)"]
[EventRounds "11"]
[EventCountry "USA"]
[SourceTitle "CB17_2024"]
[SourceDate "2024.04.24"]
[SourceVersion "1"]
[SourceVersionDate "2024.04.24"]
[SourceQuality "1"]

1. d4 d5 2. Nf3 Bf5 3. Bf4 e6 4. e3 Bd6 5. Bd3 Ne7 6. 0-0 Nd7 7. Bxd6 cxd6 8. c4 dxc4 9. Bxc4 d5 10. Bd3 0-0 11. Nc3 a6 12. a3 b5 13. Rc1 Rb8 14. Bxf5 Nxf5 15. Qd3 Nd6 16. Rc2 Nc4 17. Rd1 f5 18. g3 f4 19. gxf4 Rf6 20. Ne5 Ndxe5 21. fxe5 Rg6+ 22. Kh1 Qg5 23. f4 Qg4 24. Rf1 Rf8 25. Nd1 Rf5 26. Qe2 Qh3 27. Qf3 Qh4 28. b3 Nxa3 29. Rc8+ Rf8 30. Rxf8+ Kxf8 31. f5 Rh6 32. fxe6+ 1-0

[Event "Titled Tuesday intern op 16th Apr Early"]
[Site "Chess.com INT"]
[Date "2024.04.16"]
[Round "2"]
[White "Kiseleva, Arina"]
[Black "Tifferet, Shaked"]
[Result "1-0"]
[WhiteElo "1941"]
[BlackElo "2305"]
[PlyCount "61"]
[EventDate "2024.04.16"]
[EventType "swiss (blitz)"]
[EventRounds "11"]
[EventCountry "USA"]
[SourceTitle "CB17_2024"]
[SourceDate "2024.04.24"]
[SourceVersion "1"]
[SourceVersionDate "2024.04.24"]
[SourceQuality "1"]

1. d4 Nf6 2. Nf3 b6 3. e3 Bb7 4. Nbd2 g6 5. Bd3 Bg7 6. 0-0 0-0 7. b3 c5 8. Bb2 cxd4 9. exd4 d5 10. Ne5 Nc6 11. a3 Rc8 12. Re1 e6 13. Rc1 Nd7 14. Ndf3 Re8 15. Qe2 f6 16. Nxc6 Bxc6 17. Bb5 e5 18. Bxc6 Rxc6 19. Qb5 Rd6 20. dxe5 fxe5 21. Rcd1 e4 22. Bxg7 exf3 23. Bd4 Rxe1+ 24. Rxe1 Qg5 25. g3 Qg4 26. Qd3 Nf8 27. Re3 Ne6 28. Be5 Rc6 29. Qxd5 Qh3 30. Rxf3 Rc5 31. Qa8+ 1-0

[Event "Titled Tuesday intern op 02nd Apr Early"]
[Site "Chess.com INT"]
[Date "2024.04.02"]
[Round "6"]
[White "Kiseleva, Arina"]
[Black "Kleibel, Uwe"]
[Result "0-1"]
[WhiteElo "1941"]
[BlackElo "2302"]
[PlyCount "82"]
[EventDate "2024.04.02"]
[EventType "swiss (blitz)"]
[EventRounds "11"]
[EventCountry "USA"]
[SourceTitle "CB15_2024"]
[SourceDate "2024.04.10"]
[SourceVersion "1"]
[SourceVersionDate "2024.04.10"]
[SourceQuality "1"]

1. d4 d5 2. Nf3 Nf6 3. e3 g6 4. h3 Bg7 5. Bd3 b6 6. Qe2 0-0 7. Nbd2 a5 8. 0-0 Ba6 9. Bxa6 Nxa6 10. Ne5 c5 11. c3 Nd7 12. f4 Nxe5 13. fxe5 f6 14. exf6 exf6 15. e4 cxd4 16. cxd4 dxe4 17. Qxe4 f5 18. Qe6+ Kh8 19. d5 Re8 20. Qc6 Nb4 21. Qb5 Qxd5 22. Qxd5 Nxd5 23. Nc4 Re2 24. Rb1 b5 25. Nd6 b4 26. Nf7+ Kg8 27. Nh6+ Kf8 28. g4 Ne3 29. Bxe3 Rxe3 30. gxf5 Bxh6 31. fxg6+ Kg7 32. gxh7 Kxh7 33. Rf7+ Kg6 34. Rbf1 Rg8 35. Kh2 Re2+ 36. Kh1 Bg5 37. Ra7 Re5 38. Ra6+ Kh5 39. Kh2 Rc8 40. Rf2 Be3 41. Re2 Bf4+ 0-1

[Event "Titled Tuesday intern op 02nd Apr Early"]
[Site "Chess.com INT"]
[Date "2024.04.02"]
[Round "7"]
[White "Koridze, Lile"]
[Black "Kiseleva, Arina"]
[Result "1-0"]
[WhiteElo "2121"]
[BlackElo "1941"]
[PlyCount "53"]
[EventDate "2024.04.02"]
[EventType "swiss (blitz)"]
[EventRounds "11"]
[EventCountry "USA"]
[SourceTitle "CB15_2024"]
[SourceDate "2024.04.10"]
[SourceVersion "1"]
[SourceVersionDate "2024.04.10"]
[SourceQuality "1"]

1. d4 Nf6 2. c4 e6 3. Nf3 Bb4+ 4. Bd2 Bxd2+ 5. Nbxd2 c5 6. e3 0-0 7. Bd3 d5 8. 0-0 cxd4 9. exd4 dxc4 10. Nxc4 Nc6 11. Rc1 g6 12. Bb1 Ne7 13. Qd2 Kg7 14. Rfe1 b5 15. Na5 Qb6 16. Ne5 Rd8 17. Nac6 Nxc6 18. Nxc6 Rd6 19. d5 Nxd5 20. Ne5 Bb7 21. Ng4 h5 22. Qh6+ Kg8 23. Bxg6 fxg6 24. Qxg6+ Kf8 25. Ne5 Ke7 26. Qf7+ Kd8 27. Qf8# 1-0

[Event "Titled Tuesday intern op 02nd Apr Early"]
[Site "Chess.com INT"]
[Date "2024.04.02"]
[Round "2"]
[White "Stankovic, Ivan G"]
[Black "Kiseleva, Arina"]
[Result "1-0"]
[WhiteElo "2294"]
[BlackElo "1941"]
[PlyCount "47"]
[EventDate "2024.04.02"]
[EventType "swiss (blitz)"]
[EventRounds "11"]
[EventCountry "USA"]
[SourceTitle "CB15_2024"]
[SourceDate "2024.04.10"]
[SourceVersion "1"]
[SourceVersionDate "2024.04.10"]
[SourceQuality "1"]

1. e4 c6 2. d4 d5 3. e5 Bf5 4. h4 h5 5. Bg5 Qb6 6. Bd3 Qxd4 7. Nf3 Qg4 8. Bxf5 Qxf5 9. c4 Qe4+ 10. Be3 Qxc4 11. e6 fxe6 12. Nbd2 Qg4 13. 0-0 Nd7 14. Qb3 b6 15. Rac1 c5 16. Qb5 Ngf6 17. Qc6 Rd8 18. Rfe1 Qb4 19. Qxe6 g6 20. Ng5 Ne5 21. Qxe5 Bg7 22. Qe6 Rf8 23. Ndf3 Qxb2 24. Rb1 1-0

[Event "Titled Tuesday intern op 13th Feb Early"]
[Site "Chess.com INT"]
[Date "2024.02.13"]
[Round "9"]
[White "Essing, Arnold"]
[Black "Kiseleva, Arina"]
[Result "1-0"]
[WhiteElo "2216"]
[BlackElo "1901"]
[PlyCount "53"]
[EventDate "2024.02.13"]
[EventType "swiss (blitz)"]
[EventRounds "11"]
[EventCountry "USA"]
[SourceTitle "CB08_2024"]
[SourceDate "2024.02.21"]
[SourceVersion "1"]
[SourceVersionDate "2024.02.21"]
[SourceQuality "1"]

1. d4 Nf6 2. Nf3 e6 3. c4 c5 4. d5 exd5 5. cxd5 d6 6. Nc3 g6 7. e4 Bg4 8. Be2 a6 9. a4 Bg7 10. Bg5 h6 11. Bh4 0-0 12. Nd2 Bxe2 13. Qxe2 Re8 14. 0-0 Nbd7 15. h3 Qc7 16. Bg3 Nh5 17. Bh2 f5 18. Nc4 Ne5 19. exf5 Nxc4 20. Qxc4 gxf5 21. Rfe1 Rf8 22. Re6 f4 23. Rae1 Rad8 24. Qe4 Rd7 25. Qg6 Nf6 26. Bxf4 h5 27. Bg5 1-0

[Event "Titled Tuesday intern op 13th Feb Early"]
[Site "Chess.com INT"]
[Date "2024.02.13"]
[Round "1"]
[White "Kiseleva, Arina"]
[Black "Baches Garcia, Guillermo"]
[Result "0-1"]
[WhiteElo "1901"]
[BlackElo "2319"]
[PlyCount "28"]
[EventDate "2024.02.13"]
[EventType "swiss (blitz)"]
[EventRounds "11"]
[EventCountry "USA"]
[SourceTitle "CB08_2024"]
[SourceDate "2024.02.21"]
[SourceVersion "1"]
[SourceVersionDate "2024.02.21"]
[SourceQuality "1"]

1. d4 d5 2. Nf3 e6 3. e3 Nf6 4. Bd3 c5 5. b3 Nc6 6. 0-0 b6 7. Bb2 g6 8. dxc5 bxc5 9. c4 Bg7 10. cxd5 exd5 11. Qc2 Qe7 12. Rc1 Nb4 13. Bb5+ Bd7 14. Bc4 Nxc2 0-1

[Event "Titled Tuesday intern op 13th Feb Early"]
[Site "Chess.com INT"]
[Date "2024.02.13"]
[Round "8"]
[White "Kiseleva, Arina"]
[Black "Rios Escobar, Adan"]
[Result "0-1"]
[WhiteElo "1901"]
[BlackElo "2234"]
[PlyCount "50"]
[EventDate "2024.02.13"]
[EventType "swiss (blitz)"]
[EventRounds "11"]
[EventCountry "USA"]
[SourceTitle "CB08_2024"]
[SourceDate "2024.02.21"]
[SourceVersion "1"]
[SourceVersionDate "2024.02.21"]
[SourceQuality "1"]

1. d4 Nf6 2. Nf3 g6 3. c4 Bg7 4. Nc3 d5 5. cxd5 Nxd5 6. e4 Nxc3 7. bxc3 c5 8. Bb5+ Nc6 9. 0-0 0-0 10. Bxc6 bxc6 11. Qc2 Qa5 12. h3 Rd8 13. Be3 cxd4 14. cxd4 c5 15. Rad1 Ba6 16. Rfe1 cxd4 17. Bg5 d3 18. Qb3 Rd7 19. e5 e6 20. Bf6 Rc8 21. Rd2 Bh6 22. Rb2 Rb7 23. Qxb7 Bxb7 24. Rxb7 Qxe1+ 25. Nxe1 d2 0-1

[Event "Titled Tuesday intern op 13th Feb Early"]
[Site "Chess.com INT"]
[Date "2024.02.13"]
[Round "10"]
[White "Lehtosaari, Mauri"]
[Black "Kiseleva, Arina"]
[Result "1-0"]
[WhiteElo "2142"]
[BlackElo "1901"]
[PlyCount "75"]
[EventDate "2024.02.13"]
[EventType "swiss (blitz)"]
[EventRounds "11"]
[EventCountry "USA"]
[SourceTitle "CB08_2024"]
[SourceDate "2024.02.21"]
[SourceVersion "1"]
[SourceVersionDate "2024.02.21"]
[SourceQuality "1"]

1. d4 Nf6 2. c4 e6 3. Nc3 Bb4 4. Nf3 0-0 5. Bg5 h6 6. Bxf6 Qxf6 7. e3 d6 8. Be2 e5 9. 0-0 Bxc3 10. bxc3 Be6 11. c5 e4 12. Nd2 Qg6 13. Bh5 Qf5 14. cxd6 cxd6 15. h3 d5 16. Bg4 Qf6 17. c4 Nc6 18. Bxe6 fxe6 19. Rb1 b6 20. Qg4 Rad8 21. Qg3 Na5 22. Rfc1 Rc8 23. c5 bxc5 24. dxc5 Nc6 25. Rb7 Ne5 26. Nb3 Nd3 27. Rc2 Rf7 28. c6 Ne5 29. Rxf7 Kxf7 30. Nd4 a6 31. Rb2 Nc4 32. Rb7+ Kf8 33. Nxe6+ Kg8 34. Rxg7+ Kh8 35. Rg6 Qa1+ 36. Kh2 Kh7 37. Rg7+ Kh8 38. Qg6 1-0

[Event "Titled Tuesday intern op 06th Feb Early"]
[Site "Chess.com INT"]
[Date "2024.02.06"]
[Round "1"]
[White "Berezin, Viktor1"]
[Black "Kiseleva, Arina"]
[Result "1-0"]
[WhiteElo "2307"]
[BlackElo "1901"]
[PlyCount "71"]
[EventDate "2024.02.06"]
[EventType "swiss (blitz)"]
[EventRounds "11"]
[EventCountry "USA"]
[SourceTitle "CB07_2024"]
[SourceDate "2024.02.14"]
[SourceVersion "1"]
[SourceVersionDate "2024.02.14"]
[SourceQuality "1"]

1. d4 Nf6 2. Nf3 e6 3. g3 d5 4. Bg2 Be7 5. c4 0-0 6. 0-0 c6 7. Qc2 Nbd7 8. Nc3 dxc4 9. e4 c5 10. d5 exd5 11. exd5 Nb6 12. Rd1 Ne8 13. a4 a5 14. Bf4 Nd6 15. Nb5 Bf5 16. Qe2 Re8 17. Ne5 Nbc8 18. Nxc4 Nxb5 19. axb5 Nd6 20. Ne3 Bg6 21. h4 h5 22. Bf3 Bf6 23. Bxh5 Bxb2 24. Ra2 Bxh5 25. Qxh5 Bf6 26. Bxd6 Qxd6 27. Nc4 Qd7 28. Nb6 Qxb5 29. Nxa8 Rxa8 30. d6 Rd8 31. Rad2 b6 32. Qd5 Qb4 33. d7 a4 34. Re2 Kf8 35. Qd6+ Kg8 36. Re8+ 1-0

[Event "Titled Tuesday intern op 06th Feb Early"]
[Site "Chess.com INT"]
[Date "2024.02.06"]
[Round "7"]
[White "Dmitrenko, Viktor"]
[Black "Kiseleva, Arina"]
[Result "1-0"]
[WhiteElo "2395"]
[BlackElo "1901"]
[PlyCount "79"]
[EventDate "2024.02.06"]
[EventType "swiss (blitz)"]
[EventRounds "11"]
[EventCountry "USA"]
[SourceTitle "CB07_2024"]
[SourceDate "2024.02.14"]
[SourceVersion "1"]
[SourceVersionDate "2024.02.14"]
[SourceQuality "1"]

1. e4 c6 2. d4 d5 3. Nc3 dxe4 4. Nxe4 Nf6 5. Nxf6+ exf6 6. Be2 Bd6 7. Bf3 0-0 8. Ne2 Qc7 9. c4 c5 10. dxc5 Qxc5 11. 0-0 Rd8 12. Bd5 Nc6 13. a3 Be6 14. Be3 Qa5 15. b4 Qc7 16. g3 Bxd5 17. cxd5 Ne5 18. Rc1 Qe7 19. Nd4 a6 20. Qe2 g6 21. Nb3 f5 22. Bb6 Re8 23. Kg2 Nd7 24. Qxe7 Rxe7 25. Bc7 Be5 26. Rfe1 Rae8 27. Bxe5 Nxe5 28. d6 Re6 29. Nc5 Rxd6 30. Nxb7 Rd7 31. Nc5 Rde7 32. Re3 Ng4 33. Rxe7 Rxe7 34. Nxa6 Re2 35. b5 Rxf2+ 36. Kg1 Rxh2 37. b6 Rb2 38. Nb4 Ne5 39. b7 Nd7 40. Rd1 1-0

[Event "Titled Tuesday intern op 06th Feb Early"]
[Site "Chess.com INT"]
[Date "2024.02.06"]
[Round "10"]
[White "Kiseleva, Arina"]
[Black "Babayeva, Nasrin"]
[Result "0-1"]
[WhiteElo "1901"]
[BlackElo "1793"]
[PlyCount "76"]
[EventDate "2024.02.06"]
[EventType "swiss (blitz)"]
[EventRounds "11"]
[EventCountry "USA"]
[SourceTitle "CB07_2024"]
[SourceDate "2024.02.14"]
[SourceVersion "1"]
[SourceVersionDate "2024.02.14"]
[SourceQuality "1"]

1. d4 d6 2. Nf3 Bg4 3. Bf4 Bxf3 4. exf3 Nd7 5. c3 e6 6. Bd3 Ngf6 7. 0-0 Be7 8. Re1 0-0 9. Nd2 c5 10. dxc5 Nxc5 11. Bc2 Nd5 12. Bg3 Qb6 13. Rb1 Rfd8 14. Qe2 Bf6 15. Ne4 Nxe4 16. fxe4 Ne7 17. Bb3 Ng6 18. Rbd1 a5 19. a3 Qxb3 20. Rd2 b5 21. f4 b4 22. axb4 axb4 23. cxb4 Qxb4 24. Red1 Qb6+ 25. Bf2 Qa5 26. g3 Rab8 27. Rxd6 Rxd6 28. Rxd6 Rxb2 29. Qd3 Rb1+ 30. Kg2 Rb8 31. e5 Qa8+ 32. Kh3 Be7 33. Rd7 Bf8 34. Be3 Qf3 35. Qd4 Qf1+ 36. Kg4 h5+ 37. Kg5 Qh3 38. Qd1 Qf5# 0-1

[Event "Titled Tuesday intern op 19th Dec Early"]
[Site "Chess.com INT"]
[Date "2023.12.19"]
[Round "11"]
[White "Cansun, Can Alp"]
[Black "Kiseleva, Arina"]
[Result "1/2-1/2"]
[WhiteElo "2130"]
[BlackElo "1901"]
[PlyCount "92"]
[EventDate "2023.12.19"]
[EventType "swiss (blitz)"]
[EventRounds "11"]
[EventCountry "USA"]
[SourceTitle "CB52_2023"]
[SourceDate "2023.12.27"]
[SourceVersion "1"]
[SourceVersionDate "2023.12.27"]
[SourceQuality "1"]

1. d4 Nf6 2. c4 e6 3. Nf3 Bb4+ 4. Bd2 Bxd2+ 5. Nbxd2 0-0 6. e4 c5 7. Bd3 Nc6 8. d5 exd5 9. cxd5 Nb4 10. Bb1 b6 11. 0-0 Ba6 12. Re1 Nd3 13. Re3 c4 14. Nxc4 Bxc4 15. Bxd3 Bxd3 16. Qxd3 d6 17. Rc1 Rc8 18. Ree1 Re8 19. Rxc8 Qxc8 20. Nd2 h5 21. Nc4 Qd7 22. f3 h4 23. Kf2 h3 24. g3 Rc8 25. Rc1 b5 26. Nb6 axb6 27. Rxc8+ Qxc8 28. Qxb5 Qc2+ 29. Qe2 Qc5+ 30. Qe3 Qc2+ 31. Qe2 Qb1 32. a3 Qh1 33. Ke3 Qg1+ 34. Kd2 Qd4+ 35. Kc1 Nd7 36. Qf1 Nc5 37. Kc2 Qe3 38. Kb1 Qd2 39. Qxh3 Nd3 40. Qc8+ Kh7 41. Qc2 Qe1+ 42. Ka2 Nc1+ 43. Kb1 Nb3+ 44. Ka2 Nc1+ 45. Kb1 Nb3+ 46. Ka2 Nc1+ 1/2-1/2

[Event "Titled Tuesday intern op 19th Dec Early"]
[Site "Chess.com INT"]
[Date "2023.12.19"]
[Round "3"]
[White "Kiseleva, Arina"]
[Black "Estrada Nieto, Julian"]
[Result "0-1"]
[WhiteElo "1901"]
[BlackElo "2212"]
[PlyCount "62"]
[EventDate "2023.12.19"]
[EventType "swiss (blitz)"]
[EventRounds "11"]
[EventCountry "USA"]
[SourceTitle "CB52_2023"]
[SourceDate "2023.12.27"]
[SourceVersion "1"]
[SourceVersionDate "2023.12.27"]
[SourceQuality "1"]

1. d4 d5 2. Nf3 Nf6 3. e3 e6 4. Bd3 c5 5. 0-0 Nc6 6. b3 Bd6 7. Bb2 0-0 8. Nbd2 b6 9. Ne5 Bb7 10. f4 Ne7 11. dxc5 Bxc5 12. Rf3 Ne4 13. Rh3 Nf5 14. Nf1 d4 15. Qh5 h6 16. Ng4 Nf6 17. Nxf6+ Qxf6 18. e4 Ne3 19. e5 Qxf4 20. Bc1 Qg4 21. Nxe3 Qxh5 22. Rxh5 dxe3 23. b4 e2+ 24. Be3 Bxe3+ 25. Kh1 Rad8 26. Bxe2 Rd2 27. Bf3 Bxf3 28. gxf3 Bf4 29. c4 Rfd8 30. Rh4 Bxe5 31. Re4 Bxa1 0-1

[Event "Titled Tuesday intern op 19th Dec Early"]
[Site "Chess.com INT"]
[Date "2023.12.19"]
[Round "10"]
[White "Kiseleva, Arina"]
[Black "Viskelis, Darius"]
[Result "0-1"]
[WhiteElo "1901"]
[BlackElo "2192"]
[PlyCount "62"]
[EventDate "2023.12.19"]
[EventType "swiss (blitz)"]
[EventRounds "11"]
[EventCountry "USA"]
[SourceTitle "CB52_2023"]
[SourceDate "2023.12.27"]
[SourceVersion "1"]
[SourceVersionDate "2023.12.27"]
[SourceQuality "1"]

1. d4 d5 2. Nf3 Bf5 3. c4 e6 4. Nc3 Nf6 5. e3 c6 6. Bd3 Bxd3 7. Qxd3 Bd6 8. 0-0 0-0 9. e4 dxe4 10. Nxe4 Nxe4 11. Qxe4 Nd7 12. b3 Nf6 13. Qh4 h6 14. Re1 a5 15. Ne5 a4 16. Bxh6 gxh6 17. Qxh6 Bxe5 18. Rxe5 Nh7 19. Rh5 Re8 20. Qxh7+ Kf8 21. Qh6+ Ke7 22. Qg5+ Kd7 23. Qxd8+ Rexd8 24. b4 Ke7 25. Rd1 a3 26. Rh3 Ra4 27. Rb3 c5 28. bxc5 Rxc4 29. Rxb7+ Kf6 30. Rb3 Rdxd4 31. Rxd4 Rc1+ 0-1

[Event "Chigorin Memorial 30th"]
[Site "St Petersburg"]
[Date "2023.10.27"]
[Round "7"]
[White "Ponomarev, Egor1"]
[Black "Kiseleva, Arina"]
[Result "0-1"]
[WhiteElo "1674"]
[BlackElo "1923"]
[PlyCount "146"]
[EventDate "2023.10.21"]
[EventType "swiss"]
[EventRounds "9"]
[EventCountry "RUS"]
[SourceTitle "Mega2024 Update 01"]
[Source "Chessbase"]
[SourceDate "2023.11.12"]
[SourceVersion "1"]
[SourceVersionDate "2023.11.12"]
[SourceQuality "1"]

1. e4 c6 2. d4 d5 3. exd5 cxd5 4. Bd3 Nf6 5. h3 Nc6 6. c3 g6 7. Nf3 Bf5 8. Be2 Qc7 9. 0-0 e6 10. Be3 h5 11. Nbd2 Bd6 12. Re1 a6 13. Rc1 Kf8 14. c4 Bf4 15. Nf1 Be4 16. Qd2 Bxe3 17. Nxe3 Qf4 18. Red1 Rd8 19. c5 Bxf3 20. Bxf3 g5 21. Nc2 Qxd2 22. Rxd2 g4 23. Be2 gxh3 24. gxh3 Ne4 25. Rd3 Ke7 26. Bf3 Rhg8+ 27. Kf1 Rg5 28. Ke2 h4 29. Rcd1 f5 30. Rb3 Rd7 31. Ne3 Kf6 32. Bxe4 dxe4 33. d5 exd5 34. Nxd5+ Ke5 35. Ne3 Nd4+ 36. Kf1 Rgg7 37. Rb6 Nf3 38. Ke2 Rxd1 39. Kxd1 Rg1+ 40. Kc2 Nd4+ 41. Kd2 f4 42. Ng4+ Kd5 43. b4 Ra1 44. Rd6+ Kc4 45. Ne5+ Kxb4 46. Rxd4+ Kxc5 47. Rxe4 Rxa2+ 48. Ke1 Kd5 49. f3 Ra1+ 50. Kd2 Ra2+ 51. Kc1 Ra3 52. Rxf4 Kxe5 53. Rxh4 Rxf3 54. Rh7 b5 55. Kb2 Kd5 56. Rh6 a5 57. Rh5+ Kc4 58. Rh4+ Kc5 59. Rh5+ Kc6 60. Rh6+ Kd7 61. Rh5 Rf2+ 62. Kb3 a4+ 63. Kc3 Rf3+ 64. Kc2 Kc6 65. h4 Rh3 66. Kb2 Kb6 67. Rh8 Ka5 68. h5 Kb4 69. h6 Rh2+ 70. Kc1 a3 71. h7 a2 72. Ra8 Kb3 73. Ra5 b4 0-1

[Event "Chigorin Memorial Blitz 30th"]
[Site "St Petersburg"]
[Date "2023.10.20"]
[Round "1"]
[White "Grebnev, Aleksey"]
[Black "Kiseleva, Arina"]
[Result "1-0"]
[WhiteElo "2492"]
[BlackElo "1923"]
[PlyCount "69"]
[EventDate "2023.10.20"]
[EventType "swiss (blitz)"]
[EventRounds "11"]
[EventCountry "RUS"]
[SourceTitle "Mega2024 Update 01"]
[Source "Chessbase"]
[SourceDate "2023.11.12"]
[SourceVersion "1"]
[SourceVersionDate "2023.11.12"]
[SourceQuality "1"]

1. Nf3 Nf6 2. b3 d6 3. Bb2 e5 4. d3 Be7 5. c4 Nc6 6. g3 a5 7. a3 0-0 8. Bg2 Re8 9. 0-0 h6 10. Nbd2 Bf5 11. Rc1 Qd7 12. Re1 Bh3 13. Bh1 Bg4 14. Qc2 Qf5 15. Nf1 Qh5 16. Ne3 Be6 17. Qc3 Ng4 18. Nf1 f5 19. Qc2 Rf8 20. d4 e4 21. d5 exf3 22. exf3 Nge5 23. f4 Bc8 24. dxc6 Nxc6 25. Bxc6 bxc6 26. Rxe7 Rf7 27. Re8+ Kh7 28. Rce1 c5 29. Qe2 Qg6 30. Ne3 Bb7 31. Rxa8 Bxa8 32. Nd5 h5 33. h4 Bc6 34. Ne7 Qh6 35. Nxc6 1-0

[Event "Titled Tuesday intern op 26th Sep Early"]
[Site "Chess.com INT"]
[Date "2023.09.26"]
[Round "5"]
[White "Kiseleva, Arina"]
[Black "Olsen, Filip Boe"]
[Result "0-1"]
[WhiteElo "1962"]
[BlackElo "2428"]
[PlyCount "80"]
[EventDate "2023.09.26"]
[EventType "swiss (blitz)"]
[EventRounds "11"]
[EventCountry "USA"]
[SourceTitle "EXT 2024"]
[Source "ChessBase"]
[SourceDate "2023.10.10"]
[SourceVersion "1"]
[SourceVersionDate "2023.10.10"]
[SourceQuality "1"]

1. d4 Nf6 2. Nf3 d5 3. e3 c5 4. Bd3 Nc6 5. b3 cxd4 6. exd4 Bg4 7. Bb2 e6 8. 0-0 Bd6 9. h3 Bh5 10. Nbd2 0-0 11. a3 Rc8 12. Qe2 Qc7 13. Rac1 Rfe8 14. Rfe1 Qe7 15. b4 a5 16. b5 Nb8 17. a4 Nbd7 18. c4 dxc4 19. Nxc4 Bb4 20. Bc3 Bxc3 21. Rxc3 Nd5 22. Rcc1 N7b6 23. Nce5 Nxa4 24. Rxc8 Rxc8 25. Qe4 Nf6 26. Qh4 Bg6 27. Bxg6 hxg6 28. Ng5 Rf8 29. Nexf7 Rxf7 30. Rxe6 Qd7 31. Rxf6 gxf6 32. Nxf7 Qxf7 33. d5 Nc5 34. d6 b6 35. Qd4 Qe6 36. g4 Kf7 37. Kg2 Qe4+ 38. Qxe4 Nxe4 39. Kf3 Nxd6 40. Ke3 Nxb5 0-1

[Event "Titled Tuesday intern op 12th Sep Early"]
[Site "Chess.com INT"]
[Date "2023.09.12"]
[Round "2"]
[White "Jovic, Stanoje"]
[Black "Kiseleva, Arina"]
[Result "1-0"]
[WhiteElo "2075"]
[BlackElo "1962"]
[PlyCount "83"]
[EventDate "2023.09.12"]
[EventType "swiss (blitz)"]
[EventRounds "11"]
[EventCountry "USA"]
[SourceTitle "EXT 2024"]
[Source "ChessBase"]
[SourceDate "2023.10.10"]
[SourceVersion "1"]
[SourceVersionDate "2023.10.10"]
[SourceQuality "1"]

1. c4 e5 2. g3 c6 3. Nf3 e4 4. Nd4 d5 5. cxd5 cxd5 6. Bg2 Nc6 7. Nc2 Bc5 8. 0-0 Nf6 9. d3 0-0 10. Nc3 exd3 11. Qxd3 d4 12. Ne4 Ne5 13. Nxf6+ Qxf6 14. Qb5 Qe7 15. b4 Bb6 16. Bb2 Bd7 17. Qxd7 Qxd7 18. Rfd1 Nc6 19. b5 Ne5 20. Nxd4 Qe7 21. e3 g6 22. a4 Rfd8 23. a5 Bc5 24. a6 Rab8 25. axb7 Rxb7 26. Bc3 Rc8 27. Nc6 Nxc6 28. bxc6 Rbc7 29. Ra6 Bb6 30. Ra4 h5 31. Re4 Qf8 32. Rc4 Qe7 33. h4 Qe8 34. Rd6 Qe7 35. Rd3 Qa3 36. Be4 Qc1+ 37. Kg2 Qb1 38. Be5 Qb5 39. Bd5 Rd8 40. Bxc7 Bxc7 41. Rcd4 a5 42. Bf3 1-0

[Event "Titled Tuesday intern op 12th Sep Early"]
[Site "Chess.com INT"]
[Date "2023.09.12"]
[Round "4"]
[White "Liu, Zhaoqi"]
[Black "Kiseleva, Arina"]
[Result "1-0"]
[WhiteElo "2396"]
[BlackElo "1962"]
[PlyCount "63"]
[EventDate "2023.09.12"]
[EventType "swiss (blitz)"]
[EventRounds "11"]
[EventCountry "USA"]
[SourceTitle "EXT 2024"]
[Source "ChessBase"]
[SourceDate "2023.10.10"]
[SourceVersion "1"]
[SourceVersionDate "2023.10.10"]
[SourceQuality "1"]

1. c4 e5 2. Nc3 Bb4 3. Nd5 Be7 4. Nf3 d6 5. d4 f6 6. dxe5 fxe5 7. e4 Nf6 8. Bd3 Bg4 9. 0-0 Nxd5 10. exd5 0-0 11. Qc2 Bxf3 12. Bxh7+ Kh8 13. gxf3 Nd7 14. Be3 Rxf3 15. Be4 Rh3 16. Bg2 Rh4 17. f4 Qe8 18. Rae1 Qh5 19. h3 Rf8 20. fxe5 Rxf1+ 21. Rxf1 Qxe5 22. Qf2 Bf6 23. Bf4 Qxb2 24. Qe1 Qd4+ 25. Kh1 Ne5 26. Bxe5 Qxe5 27. Qf2 Rh6 28. Qxa7 Qg3 29. Qb8+ Kh7 30. Qc8 Rxh3+ 31. Qxh3+ Qxh3+ 32. Bxh3 1-0

[Event "Titled Tuesday intern op 29th Aug Early"]
[Site "Chess.com INT"]
[Date "2023.08.29"]
[Round "10"]
[White "Kiseleva, Arina"]
[Black "Arias, Juan Cruz"]
[Result "0-1"]
[WhiteElo "1962"]
[BlackElo "2333"]
[PlyCount "66"]
[EventDate "2023.08.29"]
[EventType "swiss (blitz)"]
[EventRounds "11"]
[EventCountry "USA"]
[SourceTitle "EXT 2024"]
[Source "ChessBase"]
[SourceDate "2023.10.10"]
[SourceVersion "1"]
[SourceVersionDate "2023.10.10"]
[SourceQuality "1"]

1. d4 Nf6 2. Nf3 e6 3. e3 c5 4. Bd3 b6 5. Nbd2 Bb7 6. 0-0 Be7 7. b3 cxd4 8. exd4 0-0 9. Bb2 Nc6 10. a3 Nd5 11. Re1 f5 12. Ne5 Nf4 13. Bf1 Nxe5 14. dxe5 Bxa3 15. Bxa3 Nh3+ 16. Kh1 Nxf2+ 17. Kg1 Nxd1 18. Bxf8 Qxf8 19. Raxd1 Qc5+ 20. Kh1 Qxc2 21. h3 Rf8 22. Nf3 Bxf3 23. gxf3 Qxb3 24. Rxd7 Qxf3+ 25. Bg2 Qc3 26. Red1 Qxe5 27. Rxa7 f4 28. Bf3 b5 29. Rdd7 b4 30. Rab7 Rc8 31. h4 h5 32. Kg2 Rc2+ 33. Kh3 Qf5+ 0-1